Govt. of
Madhya Pradesh

Odd Man In My Years in the Indian Police (Record no. 34127)

MARC details
000 -LEADER
fixed length control field 004550000a22001690004500
003 - CONTROL NUMBER IDENTIFIER
control field MACL
005 - DATE AND TIME OF LATEST TRANSACTION
control field 20160101135230.0
008 - FIXED-LENGTH DATA ELEMENTS--GENERAL INFORMATION
fixed length control field 160101b xxu||||| |||| 00| 0 eng d
040 ## - CATALOGING SOURCE
Original cataloging agency MACL
Transcribing agency MACL
041 ## - LANGUAGE CODE
Language code of text/sound track or separate title English
082 ## - DEWEY DECIMAL CLASSIFICATION NUMBER
Classification number 363.2/STR
100 ## - MAIN ENTRY--PERSONAL NAME
Personal name Stracey, Eric
9 (RLIN) 26363
245 ## - TITLE STATEMENT
Title Odd Man In My Years in the Indian Police
260 ## - PUBLICATION, DISTRIBUTION, ETC. (IMPRINT)
Name of publisher, distributor, etc. Vikash Publishing House
Date of publication, distribution, etc. 1981
Place of publication, distribution, etc. New Delhi
650 ## - SUBJECT ADDED ENTRY--TOPICAL TERM
Topical term or geographic name as entry element Social Problems
9 (RLIN) 26364
942 ## - ADDED ENTRY ELEMENTS (KOHA)
Koha item type Books
Call number prefix 363/Ster
Source of classification or shelving scheme
Holdings
Withdrawn status Lost status Source of classification or shelving scheme Damaged status Not for loan Home library Current library Date acquired Total Checkouts Full call number Barcode Date last seen Uniform Resource Identifier Price effective from Koha item type
          MACL MACL 15/04/2015   363/Ster CLE016829 29/04/2015 34331 15/04/2015 Books